01014ntm a22002297a 450000500170000000800410001704000280005808200170008610000290010324502050013226000100033730000360034750001490038359000220053265000460055465300230060065500090062370000260063294200080065899900170066695201010068320170810130235.0170802s2010 xx a frb 000 0 eng d aEG-ScBUEbengcEG-ScBUE04222a650bMAH1 aMahmoud, Passant Bassem.10aIndividual and organisational barriers impeding the establishment of learning organisations : ba study of organisations in the banking sector in Egypt /cby Passant Bassem Mahmoud ; Sherine El Fekey. c2010. a90 p. :bill. (col.) ;c28 cm.  aA dissertation submitted in part fulfilment of the requirements for the award of b.a. in business administration human resources specialization  aNOURA TARK KAMAL. 72BUEshaBusiness Administration.vProjects bBUSADMcAugust2017 vSPRO1 aFekey, Sherine,eths. 2ddc c25184d25156 00102ddc4070aMAINbMAINc2NDd2017-08-07l0o650 MAHp000046338r2025-07-15 00:00:00yPROJST